Statistiques concernant Les mangas les plus populaires en France

Cliquez ici pour prendre le quiz!

Statistiques générales

  • Ce quiz a été pris 3 461 fois
  • Le résultat moyen est 15 sur 100

Statistiques - réponses

RangCatégorieManga% Correct
3ShônenOne Piece
99%
2ShônenNaruto
98%
6ShônenDragon Ball
94%
7ShônenBleach
73%
17ShônenL'Attaque des Titans
67%
47ShônenMy Hero Academia
63%
1ShônenDeath Note
61%
12ShônenHunter X Hunter
61%
5ShônenFairy Tail
60%
19SeinenBerserk
44%
30ShônenOne-Punch Man
44%
38SeinenTokyo Ghoul
44%
4ShônenFullmetal Alchemist
42%
39ShônenAssassination Classroom
40%
46ShônenDetective Conan
39%
8ShônenGTO
33%
70ShônenGTO Shonan 14 Days
33%
67ShônenSeven Deadly Sins
30%
36ShôjoNana
24%
33ShônenBlue Exorcist
22%
35ShônenSaint Seiya - Les Chevaliers du Zodiaque
22%
16ShônenBlack Butler
18%
57ShônenNeon Genesis Evangelion
18%
9ShônenSoul Eater
18%
96SeinenVinland Saga
17%
77ShônenHokuto no Ken - Ken le Survivant
16%
31SeinenMonster
16%
44ShônenYu-Gi-Oh!
15%
43ShônenCity Hunter
14%
62SeinenAkira
13%
82ShônenRanma 1/2
13%
21ShônenBakuman
12%
41ShônenEye Shield 21
12%
11ShôjoFruits Basket
11%
85SeinenVagabond
11%
20ShônenKenshin le Vagabond
10%
99ShônenYuYu Hakusho
9%
54Seinen20th Century Boys
7%
98ShônenRed Eyes Sword - Akame ga Kill !
7%
24ShônenShaman King
7%
13ShônenD.Gray-Man
6%
23SeinenGunnm
6%
74ShônenA Silent Voice
5%
79ShônenBeelzebub
5%
55SeinenGantz
5%
10ShônenLove Hina
5%
51SeinenPluto
5%
94ShônenReborn!
5%
75SeinenSun-Ken Rock
5%
80SeinenAjin
4%
42ShôjoCard Captor Sakura
4%
48ShônenDeadman Wonderland
4%
59ShônenDragon Quest - La Quête de Dai
4%
56SeinenHighschool of the Dead
4%
28ShônenPandora Hearts
4%
29ShôjoVampire Knight
4%
68ShôjoX
4%
53ShônenClaymore
3%
87ShônenDreamland
3%
52SeinenKing's Game
3%
61ShônenPlatinum End
3%
63ShônenRave
3%
15ShônenSamurai Deeper Kyo
3%
34ShônenAir Gear
2%
66SeinenBattle Royale
2%
26ShônenChobits
2%
14ShônenDoubt
2%
71ShônenHikaru no Go
2%
27ShônenJudge
2%
45ShônenMär
2%
25ShônenNegima !
2%
100SeinenTerra Formars
2%
88ShônenYoung GTO !
2%
84ShônenBlack Cat
1%
91ShônenBlood Lad
1%
65SeinenEnfer & Paradis
1%
50ShônenGet Backers
1%
69SeinenIkigami - Préavis de Mort
1%
81ShônenLetter Bee
1%
49SeinenProphecy
1%
73ShônenRosario + Vampire
1%
60ShônenSaint Seiya - The Lost Canvas
1%
37ShônenSatan 666
1%
76ShôjoSwitch Girl !!
1%
78SeinenTokkô
1%
18ShônenTsubasa Reservoir Chronicle
1%
22SeinenUbel Blatt
1%
32SeinenxxxHoLic
1%
93SeinenZetman
1%
89ShôjoAlice 19th
0%
86SeinenAll you need is kill
0%
64ShôjoAngel Sanctuary
0%
40SeinenGunnm Last Order
0%
72SeinenJackals
0%
58SeinenJusqu'à ce que la mort nous sépare
0%
97SeinenLe Nouvel Angyo Onshi
0%
95SeinenManhole
0%
92ShônenMonster Hunter Orage
0%
83SeinenReset
0%
90SeinenThe Arms Peddler
0%

Distribution des résultats

Percentile par nombre de réponses

% des personnes avec chaque résultat

Votre développement - résultats

Vous n’avez pas pris ce quiz